|
|
|
|
| LEADER |
00000cas a2200000 a 4500 |
| 001 |
vtls010298399 |
| 003 |
SK-MaSNL |
| 005 |
20260228162829.0 |
| 008 |
110809d19231932xo wr|p r 0 b0slo |
| 040 |
|
|
|a SNK
|b slo
|c SNK
|e AACR2
|
| 041 |
0 |
|
|a slo
|
| 043 |
|
|
|a e-xo---
|
| 044 |
|
|
|a xo
|c SK
|
| 072 |
|
7 |
|a 316
|x Sociológia
|2 konspekt
|
| 080 |
|
|
|a 316.728
|2 2011
|
| 080 |
|
|
|a 437.641
|2 2011
|
| 080 |
|
|
|a (051)+(054)(437.6)
|2 2011
|
| 080 |
|
|
|a 050
|2 2011
|
| 080 |
|
|
|a 314/316(051)
|2 2011
|
| 245 |
0 |
0 |
|a Považské noviny
|
| 260 |
|
|
|a Žilina
|b Rudolf Braun
|c 1923-1932
|
| 300 |
|
|
|a 10 zv.
|c 47 x 32 cm
|
| 310 |
|
|
|a 1x týždenne
|b 2/1930-41/1932
|
| 321 |
|
|
|a 2x týždenne
|b 49/1927-1/1930
|
| 321 |
|
|
|a 1x týždenne
|b 2/1924-48/1927
|
| 321 |
|
|
|a 2x týždenne
|b 1/1923-1/1924
|
| 362 |
0 |
|
|a Roč. I, č. 1 (22.11.1923)-roč. X, č. 41 (15.10.1932)
|
| 500 |
|
|
|a Vych. v Žiline v nedeľu a vo štvrtok ; od č. 2 (10. jan. 1924) každý štvrtok ; od č. 1 (3. jan. 1925) každú sobotu ; od č. 49 (3. dec. 1927) každú stredu a sobotu ; od č. 2 (4. jan. 1930) každú sobotu
|
| 500 |
|
|
|a Zodp. red. Rudolf Braun
|
| 500 |
|
|
|a Vyd. Rudolf Braun
|
| 500 |
|
|
|a Tlač: Kníhtlačiareň Rudolf Braun
|
| 500 |
|
|
|a Vyšiel 22. novembra 1923, zanikol 15. októbra 1932 pre finančné ťažkosti. Zaniknutie vzal na vedomie Okresný úrad v Žiline výmerom zo dňa 17. decembra 1932 č. 27393/1932
|
| 650 |
0 |
7 |
|a spoločenský život
|2 SNKPH
|9 28654
|
| 651 |
|
7 |
|a Trenčín (Slovensko)
|2 SNKPHgeo
|9 159956
|
| 655 |
|
7 |
|a regionálne periodiká
|2 SNKPH
|9 131775
|
| 655 |
|
7 |
|a spoločenské časopisy
|2 SNKPH
|9 70515
|
| 700 |
1 |
|
|a Braun, Rudolf
|4 pbd
|9 272245
|
| 710 |
0 |
|
|a Braun, Rudolf (Zilina)
|4 pbl
|4 prt
|9 272246
|
| 910 |
|
|
|a snk
|
| 999 |
|
|
|c 8409
|d 10339
|
| 952 |
|
|
|0 0
|1 0
|4 0
|7 0
|8 5
|a SNK
|b SNK
|d 1998-01-28
|i snkČSF 28/57
|l 0
|o snkČSA 482/10/1932
|p 17A0120728
|r 2005-01-02 00:00:00
|t č. 1-41, neúplné
|w 2026-02-21
|y PREZ
|z Chýba č. 1-9,15,42
|
| 952 |
|
|
|0 0
|1 0
|4 0
|7 0
|8 5
|a SNK
|b SNK
|d 2001-09-20
|i snkF 4550/79
|l 0
|o snkČSA 482/1/1923
|p 17A0315335
|r 2005-01-02 00:00:00
|t č. 1-6, neúplné
|w 2026-02-21
|y PREZ
|z Chýba č. 1-3,5-6
|
| 952 |
|
|
|0 0
|1 0
|4 0
|7 0
|8 5
|a SNK
|b SNK
|d 2002-02-08
|i snkČSF 26/57
|l 0
|o snkČSA 482/3/1925
|p 17A0330681
|r 2005-01-02 00:00:00
|t č. 1-52, neúplné
|w 2026-02-21
|y PREZ
|z Chýba č. 21-52
|
| 952 |
|
|
|0 0
|1 0
|4 0
|7 0
|8 5
|a SNK
|b SNK
|d 2001-09-20
|i snkČSF 27/57
|l 0
|o snkČSA 482/8/1930
|p 17A0315336
|r 2005-01-02 00:00:00
|t č. 1-53, neúplné
|w 2026-02-21
|y PREZ
|z Chýba č. 1-13,15-53
|